Wsie w gminie Jarosław - Statystyki

Ogólne statystyki
  • Ten quiz został rozwiązany 88 razy
  • Średni wynik to 5 z 13
Statystyki odpowiedzi
Hint Odpowiedź % Poprawnych
6 Munina
82%
10 Tuczempy
63%
7 Pełkinie
55%
12 Wólka Pełkińska
47%
4 Makowisko
42%
1 Koniaczów
39%
2 Kostków
34%
5 Morawsko
32%
9 Surochów
32%
8 Sobiecin
29%
11 Wola Buchowska
29%
3 Leżachów-Osada
21%
13 Zgoda
18%
Nie znaleziono quizów pasujących do podanych kryteriów
Rozkład punktacji
Procent ludzi z każdym wynikiem
Percentyl według liczby udzielonych odpowiedzi
Twoja historia wyników
Nie rozwiązałeś tego quizu